000 00257 a2200109 4500
001 64792
082 _a297.4THA
090 _c38288
_d38288
100 _aThanvi Mawlana Arshraf Ali
245 _aAl Takshshuf an Muhimmat at-Tasawwuf
260 _bSang-e-Meel
942 _aNUST-CAE
_k297.4THA
999 _c299865
_d299865